<?xml version="1.0" encoding="UTF-8"?><?xml-stylesheet type="text/xsl" href="static/style.xsl"?><OAI-PMH xmlns="http://www.openarchives.org/OAI/2.0/" xmlns:xsi="http://www.w3.org/2001/XMLSchema-instance" xsi:schemaLocation="http://www.openarchives.org/OAI/2.0/ http://www.openarchives.org/OAI/2.0/OAI-PMH.xsd"><responseDate>2026-04-17T18:46:27Z</responseDate><request verb="GetRecord" identifier="oai:www.recercat.cat:20.500.12327/4858" metadataPrefix="marc">https://recercat.cat/oai/request</request><GetRecord><record><header><identifier>oai:recercat.cat:20.500.12327/4858</identifier><datestamp>2025-11-22T18:42:45Z</datestamp><setSpec>com_2072_4428</setSpec><setSpec>com_2072_4427</setSpec><setSpec>col_2072_487898</setSpec></header><metadata><record xmlns="http://www.loc.gov/MARC21/slim" xmlns:dcterms="http://purl.org/dc/terms/" xmlns:xsi="http://www.w3.org/2001/XMLSchema-instance" xmlns:doc="http://www.lyncode.com/xoai" xsi:schemaLocation="http://www.loc.gov/MARC21/slim http://www.loc.gov/standards/marcxml/schema/MARC21slim.xsd">
   <leader>00925njm 22002777a 4500</leader>
   <datafield ind2=" " ind1=" " tag="042">
      <subfield code="a">dc</subfield>
   </datafield>
   <datafield ind2=" " ind1=" " tag="720">
      <subfield code="a">Barreiro Crespo, Lourdes</subfield>
      <subfield code="e">author</subfield>
   </datafield>
   <datafield ind2=" " ind1=" " tag="720">
      <subfield code="a">Sanchez Henao, Julian Andres</subfield>
      <subfield code="e">author</subfield>
   </datafield>
   <datafield ind2=" " ind1=" " tag="720">
      <subfield code="a">Gimeno-Monforte, Sandra</subfield>
      <subfield code="e">author</subfield>
   </datafield>
   <datafield ind2=" " ind1=" " tag="720">
      <subfield code="a">Reverté, Jaume</subfield>
      <subfield code="e">author</subfield>
   </datafield>
   <datafield ind2=" " ind1=" " tag="720">
      <subfield code="a">Campàs, Mònica</subfield>
      <subfield code="e">author</subfield>
   </datafield>
   <datafield ind2=" " ind1=" " tag="720">
      <subfield code="a">García-Altares, María</subfield>
      <subfield code="e">author</subfield>
   </datafield>
   <datafield ind2=" " ind1=" " tag="720">
      <subfield code="a">Tunin-Ley, Alina</subfield>
      <subfield code="e">author</subfield>
   </datafield>
   <datafield ind2=" " ind1=" " tag="720">
      <subfield code="a">Maillot, Fanny</subfield>
      <subfield code="e">author</subfield>
   </datafield>
   <datafield ind2=" " ind1=" " tag="720">
      <subfield code="a">Flores, Cintia</subfield>
      <subfield code="e">author</subfield>
   </datafield>
   <datafield ind2=" " ind1=" " tag="720">
      <subfield code="a">Chomérat, Nicolas</subfield>
      <subfield code="e">author</subfield>
   </datafield>
   <datafield ind2=" " ind1=" " tag="720">
      <subfield code="a">Bilien, Gwenaël</subfield>
      <subfield code="e">author</subfield>
   </datafield>
   <datafield ind2=" " ind1=" " tag="720">
      <subfield code="a">Tsumuraya, Takeshi</subfield>
      <subfield code="e">author</subfield>
   </datafield>
   <datafield ind2=" " ind1=" " tag="720">
      <subfield code="a">Fontanals, Núria</subfield>
      <subfield code="e">author</subfield>
   </datafield>
   <datafield ind2=" " ind1=" " tag="720">
      <subfield code="a">Borrull, Francesc</subfield>
      <subfield code="e">author</subfield>
   </datafield>
   <datafield ind2=" " ind1=" " tag="720">
      <subfield code="a">Turquet, Jean</subfield>
      <subfield code="e">author</subfield>
   </datafield>
   <datafield ind2=" " ind1=" " tag="720">
      <subfield code="a">Diogène, Jorge</subfield>
      <subfield code="e">author</subfield>
   </datafield>
   <datafield ind2=" " ind1=" " tag="720">
      <subfield code="a">Rambla Alegre, Maria</subfield>
      <subfield code="e">author</subfield>
   </datafield>
   <datafield ind2=" " ind1=" " tag="260">
      <subfield code="c">2025-10-16</subfield>
   </datafield>
   <datafield ind2=" " ind1=" " tag="520">
      <subfield code="a">Five different species of Gambierdiscus have been identified in La Réunion (G. belizeanus, G. balechii, G. pacificus, G. silvae and G. ribotype 2) by morphological observations in Scanning Electron Microscopy (SEM) and molecular identification and phylogenetic analysis. Growth rates of cultures have also been evaluated showing values from 0.09 to 0.36 d-1.&#xd;
The toxicity and toxin profile of thirteen strains have been analysed by a multidisciplinary approach with Neuro-2a cell-based assay (CBA), magnetic bead-based immunoassay, liquid chromatography coupled to tandem mass spectrometry (LC-MS/MS) and LC coupled to high-resolution mass spectrometry (LCsingle bondHRMS). G. balechii showed the highest toxicity by CBA (∼627 fg equiv. CTX1B·cell -1) followed by G. ribotype 2 (76 to 13 fg equiv. CTX1B·cell -1), G. balechii (63 to 7 fg equiv. CTX1B·cell -1), G. belizeanus (30 to 20 fg equiv. CTX1B·cell -1) and G. pacificus with values close to LOQ but not conclusive. The toxin profile for the 13 strains was evaluated by LC-MS/MS using seven different methods and being gambierone and 44-methylgambierone the two only known compounds, found in high concentrations in all samples. Gambierone was detected from 2.05 pg ·cell-1 in G. balechii (P-0414B) to 12.91 pg·cell-1 in G. balechii (P-0414A) and 44-methylgambierone was detected from 1.93 pg·cell-1 in G. belizeanus (P-0414B) to 14.95 pg·cell-1 in G. pacificus (P-0304). These samples were analysed also by LCsingle bondHRMS, confirming gambierone and 44-methylgambierone the main compounds detected. Additionally, a potential polyether sulphur-containing compound corresponding to the novel molecular formula C62H94O23S ([M+NH4]+, m/z 1256.6234) were tentatively identified.&#xd;
This study combining morphological and molecular data is the first to mention such diversity in the area. It is also the first time that toxicity and toxin profile of Gambierdiscus from La Réunion have been evaluated.</subfield>
   </datafield>
   <datafield ind1="8" ind2=" " tag="024">
      <subfield code="a">Barreiro-Crespo, Lourdes, Andres Sanchez-Henao, Sandra Gimeno-Monforte, Jaume Reverté, Mònica Campàs, María García-Altares, Alina Tunin-Ley, et al. “Identification of Gambierdiscus Species From La Réunion and Evaluation of Toxicity and Toxin Profile.” Harmful Algae 150: 103003. https://doi.org/10.1016/j.hal.2025.103003.</subfield>
   </datafield>
   <datafield ind1="8" ind2=" " tag="024">
      <subfield code="a">1568-9883</subfield>
   </datafield>
   <datafield ind1="8" ind2=" " tag="024">
      <subfield code="a">http://hdl.handle.net/20.500.12327/4858</subfield>
   </datafield>
   <datafield ind1="8" ind2=" " tag="024">
      <subfield code="a">https://doi.org/10.1016/j.hal.2025.103003</subfield>
   </datafield>
   <datafield ind2="0" ind1="0" tag="245">
      <subfield code="a">Identification of Gambierdiscus species from La Réunion and evaluation of toxicity and toxin profile</subfield>
   </datafield>
</record></metadata></record></GetRecord></OAI-PMH>